Operating systems design and implementation

में बचाया:
ग्रंथसूची विवरण
मुख्य लेखक: Andrew S Tanenbaum
स्वरूप: पुस्तक
भाषा:Undetermined
प्रकाशित: New Jersey Prentice-Hall International 1987
विषय:
टैग : टैग जोड़ें
कोई टैग नहीं, इस रिकॉर्ड को टैग करने वाले पहले व्यक्ति बनें!
Thư viện lưu trữ: Trung tâm Học liệu Trường Đại học Cần Thơ
LEADER 00544nam a2200169Ia 4500
001 CTU_5127
008 210402s9999 xx 000 0 und d
082 |a 005.43 
082 |b T164 
100 |a Andrew S Tanenbaum 
245 0 |a Operating systems design and implementation 
245 0 |c Andrew S Tanenbaum 
260 |a New Jersey 
260 |b Prentice-Hall International 
260 |c 1987 
650 |a operating systems ( computers ),programming languages ( electronic computers ) 
980 |a Trung tâm Học liệu Trường Đại học Cần Thơ